Planning a prescribed burn /

Bibliographic Details
Main Author: Landers, Roger Q.
Corporate Author: Texas Agricultural Extension Service
Format: Government Document Book
Language:English
Published: College Station, Tex. : Texas Agricultural Extension Service, Texas A&M University System, [1994]
Series:Leaflet (Texas Agricultural Extension Service) ; L-2461.
Subjects:

MARC

Tag First Indicator Second Indicator Subfields
LEADER 00000cam a2200000 a 4500
001 in00001342813
005 20151005095725.0
008 940913s1994 txu s000 0 eng d
035 |a (OCoLC)31097950 
035 |9 AHE8967AM 
040 |a IKM  |c IKM  |d TXA  |d UtOrBLW 
049 |a TXAO 
086 |a Z TA245.7 L47 NO.2461  |2 txdocs 
100 1 |a Landers, Roger Q. 
245 1 0 |a Planning a prescribed burn /  |c R.Q. Landers, Jr. 
264 1 |a College Station, Tex. :  |b Texas Agricultural Extension Service, Texas A&M University System,  |c [1994] 
300 |a 1 folded sheet (6 pages) :  |b illustrations ;  |c 28 cm. 
336 |a text  |b txt  |2 rdacontent 
337 |a unmediated  |b n  |2 rdamedia 
338 |a sheet  |b nb  |2 rdacarrier 
490 1 |a L ;  |v -2461 
500 |a Caption title. 
504 |a Includes bibliographical references (page 3). 
650 0 |a Prescribed burning. 
650 0 |a Range management. 
650 0 |a Burning of land. 
710 2 |a Texas Agricultural Extension Service. 
830 0 |a Leaflet (Texas Agricultural Extension Service) ;  |v L-2461. 
948 |a Item record attached to ACY9976. 
999 |a MARS 
999 f f |s 01264a3b-2840-3d93-a012-f85eee5e70c8  |i 92b784ee-bfe0-3efe-b6ba-516fa3366ba0  |t 0 
952 f f |p normal  |a Texas A&M University  |b College Station  |c Sterling C. Evans Library  |d Evans: Texas Documents (Annex 5th floor)  |t 0  |e Z TA245.7 L47 NO.2426-2464  |h Superintendent of Documents classification  |i unmediated -- sheet  |m A14827984808 
952 f f |a Texas A&M University  |b College Station  |c Sterling C. Evans Library  |d Evans: Texas Documents (Annex 5th floor)  |t 0  |e Z TA245.7 L47 NO.2426-2464  |h Superintendent of Documents classification 
998 f f |a Z TA245.7 L47 NO.2426-2464  |s no.2426,2428,2439,2442,2461-2464  |t 0  |l Evans: Texas Documents (Annex 5th floor)